000
00285nam a22001217a 4500
008
180606b xxu||||| |||| 00| 0 eng d
041
_a
eng
080
_a
043.3
100
_a
0
101
_a
SHJ-BA
245
_a
Gjykata Nderkombtare e Drejtesise Vendimet
_c
Popova, M
942
_2
udc
_c
BK
999
_c
46506
_d
46506